书目信息 |
| 题名: |
日语基本词汇3000词
|
|
| 作者: | 王进明 编 | |
| 分册: | ||
| 出版信息: | 上海 上海译文出版社 1985 |
|
| 页数: | 195页 | |
| 开本: | 12cm | |
| 丛书名: | ||
| 单 册: | ||
| 中图分类: | H363.1 | |
| 科图分类: | ||
| 主题词: | 日语-词汇 , 词汇-日语 , 日语 | |
| 电子资源: | ||
| ISBN: | ||
| 000 | 00682nam0 2200265 45 | |
| 001 | 0185013993 | |
| 005 | 20040510145525.4 | |
| 010 | @dCNY0.54 | |
| 091 | @a9188.266 | |
| 100 | @a19951024d1985 em y0chiy0121 ea | |
| 101 | 0 | @achi |
| 102 | @aCN@b310000 | |
| 105 | @ay z 000yy | |
| 106 | @ar | |
| 200 | 10 | @a日语基本词汇3000词@Ari yu ji ben ci hui3000 ci@f王进明编 |
| 210 | @a上海@c上海译文出版社@d1985 | |
| 215 | @a195页@d12cm | |
| 606 | @a日语-词汇 | |
| 606 | @a词汇-日语 | |
| 606 | 0 | @a日语 |
| 690 | @aH363.1 | |
| 701 | 0 | @a王进明@4编@Awang jin ming |
| 801 | 0 | @aCN@b深圳图书馆@c20040510 |
| 801 | 2 | @aCN@bNLC@c20040510 |
| 905 | @f1@b152867@dH363.1@e119@b152870@f1 | |
| 日语基本词汇3000词/王进明编.-上海:上海译文出版社,1985 |
| 195页;12cm |
| ISBN :CNY0.54 |
| ● |
| 相关链接 |
|
|
|
|
正题名:日语基本词汇3000词
索取号:H363.1/119
 
预约/预借
| 序号 | 登录号 | 条形码 | 馆藏地/架位号 | 状态 | 备注 |
| 1 | 0152867 | 001055994 | 第四借阅区/ [索取号:H363.1/119] | 在馆 | |
| 2 | 0152870 | 001055985 | 第四借阅区/ [索取号:H363.1/119] | 在馆 | |
| 3 | 0152871 | 001056001 | 第二样本阅览室/ [索取号:H363.1/119] | 在馆 |